000 00722cab a2200229 4500
001 WB2606-45
008 090401t1990 xxu||||| |||| 00| 0 eng d
035 _a(Sirsi) u70953
041 _aeng
245 _aBed and breakfast rating rules
260 _c1990
350 _a0
490 _aDoE News Release
_vNo 67 1 February 1990 2 pages
520 _aThe uniform business rate will not apply to premises offering bed and breakfast facilities for less than 100 days per year, the Government has announced.
650 _aLOCAL GOVERNMENT FINANCE ACT 1988
650 _aNON DOMESTIC RATING
650 _aRATING
650 _aSELF-CATERING
690 _aRATING AND VALUATION
942 _n0
948 _c04/03/1997
999 _c44701
_d44701